Movies Quiz

Random Movies or Box Office Quiz

Box Office Top 20: Animations Quiz Stats

 Plays Quiz Updated Jul 25, 2021

Support Sporcle.
Go Orange.
Score 0/20 Timer 05:00
0 Plays Today
Total Gross Movie % Correct
$434,016,296Toy Story 4
82.3%
$472,422,764Frozen II
77.4%
$293,004.164Up
75%
$380,231,184Finding Nemo
74.1%
$368,384,330The Secret Life of Pets
71.3%
$422,783,777The Lion King
70.2%
$400,738,009Frozen
66.1%
$441,226,247Shrek 2
65.5%
$608,581,744The Incredibles 2
64.3%
$486,295,561Finding Dory
61.9%
Total Gross Movie % Correct
$322,719,944 Shrek the Third
61.6%
$289,916,256Monsters, Inc.
59.6%
$356,461,711Inside Out
58.6%
$336,045,770Minions
46.3%
$415,004,880Toy Story 3
43%
$268,492,764Monsters University
41%
$368,061,265Despicable Me 2
23.8%
$341,268,248Zootopia
18.3%
$270,395,425Sing
18.2%
$270,417,210Dr Seuss' The Grinch
7.1%

From the Vault

Hide Your 'V' Movies

by El_Dandy

Movies 6m
Just remember where you hid them or you won't be able to watch them later.
Remove Ads.
Support Sporcle.
Get the best of Sporcle when you Go Orange. This ad-free experience offers more features, more stats, and more fun while also helping to support Sporcle. Thank you for becoming a member.

Show Comments

Extras

Top Quizzes Today


Score Distribution

Your Account Isn't Verified!

In order to create a playlist on Sporcle, you need to verify the email address you used during registration. Go to your Sporcle Settings to finish the process.

Report this User

Report this user for behavior that violates our Community Guidelines.

Details: